1073 1379 1652 1793 1679 1727 1747 1080 1015 1295 1837 1466 1937 1929 1352 1956 1728 1965 1819 1750 1598 1439 1399 1343 1888 1958 1252 1062 1382 1982 1018 1159 1271 1125 1881 1588 1352 1823 1547 1164 1805 1157 1546 1246 1210 1663 1164 1976 1947 1527 1976 1305 1141 1078 1295 1122 1365 1156 1499 1840 1631 1939 1326 1231 1015 1099 1873 1319 1534 1702 1640 1928 1102 1917 1488 1310 1259 1914 1163 1858 1903 1169 1362 1789 1886 1724 1314 1531 1737 1017 1203 1342 1577 1047 1400 1920 1863 1079 1578 BCNSPRNW ULIB Ver.6.0+V

เปลี่ยนเป็นภาษาไทย

Change to English
 แสดงรายละเอียดบรรณานุกรม
  กลับหน้าหลัก

Brief Record : Get Marc (ISO 2709) : E-mail record : QR code < ปิดหน้าต่าง
LEADER : 00000nam a2200000Ia 4500
001    13399122251
003     ULIB
008    081107s2012 us a bf 001 0 eng d
020    1582554013
060 04 ^aQZ4^bP363
245 00 ^aMePathophysiology made incredibly easy!/^c
250    ^a3rd ed.
260    ^aPhiladelphia :^bWolters Kluwer Health/Lippincott Williams ,^c2005
300    ^avi, 954 p. :^bill. (some col.) ;^c24 cm. +^e1 computer
500    ^aSend to Single Search
504    ^aIncludes bibliographical references and index
945    ^p1475^l0^i019058
995    ^a Kesorn
999 ^a ใช้งานได้ทุกระบบ
รายการนี้ยังไม่มีแท็ก
คุณยังไม่ได้ล็อกอิน คุณสามารถมีกิจกรรมร่วมกับเว็บไซต์ได้ แต่ต้องล็อกอินก่อน ::
  ล็อกอิน

รายการสื่อสารสนเทศ

ลำดับที่ ประเภท เลขเรียก/บาร์โค้ด สถานที่ สถานะ
1. วิทยาศาสตร์การแพทย์ และสุขภาพ
วิทยาศาสตร์การแพทย์ และสุขภาพ
สถานะ=หนังสือเก่า
QZ4 P363 ฉ.1 
  Barcode: 019058
ห้องสมุดวิทยาเขตสวรรค์ประชารักษ์
►ส่วนจัดเก็บหนังสือเก่า สปร
บนชั้น
  ขอยืม

BibComment


ยังไม่เคยถูกคอมเมนท์

คอมเมนท์ทรัพยากรรายการนี้
  คอมเมนท์: MePathophysiolog..


 Copyright 2026. Bcnsprnw @Library